000 01839nas a2200277Ia 4500
001 R262-R5114
003 IT-CnALBA
008 170116c99999999xx |||||||||||| ||und||
040 _aIT-CnALBA
_cIT-CnALBA
041 _aITALIANO
100 _aBAGGIO ATTILIO, PROF.
210 _aPALESTRA DEL CLERO
222 _aPALESTRA DEL CLERO
245 0 _aPALESTRA DEL CLERO. RIVISTA DI CULTURA E PRATICA ECCLESIASTICA. VOL. I.
250 _a1a ed.
260 _a PA ROV. BELL.
_bISTIT. VEN. ARTI GRAF.
_c1932 [1° Ed.:1932 - Ed.Ling.Originale: 1932]
300 _a592 p.
310 _aSETTIMANALE
362 _aFascicolo: 1-25 / Anno: 11 (1932)
500 _aDIRITTO CANONICO, P. VITO, AVVOCATO. DIRITTO LITURGICO. CASI DI MORALE. INDICE ANALITICO MATERIE. IL TRATTATO DOGMATICO SULLE TRACCE DELLA PENTOPOLI, GOLIA G. DONI E BEATITUDINI. LE NOTE TELOGICHE. PENSIERO TEOLOGICO E CULTURA MODERNA. DOTTRINE DEI PROTESTANTI SULL'EUCARESTIA. IL CONCETTO DELLA TEOLOGIA, REGINALDO FEI. CULTO DELLE SPECIE. ISTITUZIONE DEI SACRAMENTI. PIANO DI DIO PER LA SALVEZZA DELL'UOMO IN EFESINI. MARIA MEDIATRICE DI TUTTE LE GRAZIE. DANNAZIONE DI GIUDA E CAINO.
501 _aSocietà San Paolo EM - Piazza San Paolo, 14 - 12051 ALBA (CN) (non commercial uses only) ® Copyright 2017
520 _aDIRITTO CANONICO, P. VITO, AVVOCATO. DIRITTO LITURGICO. CASI DI MORALE. INDICE ANALITICO MATERIE. IL TRATTATO DOGMATICO SULLE TRACCE DELLA PENTOPOLI, GOLIA G. DONI E BEATITUDINI. LE NOTE TELOGICHE. PENSIERO TEOLOGICO E CULTURA MODERNA. DOTTRINE DEI PROTESTANTI SULL'EUCARESTIA. IL CONCETTO DELLA TEOLOGIA, REGINALDO FEI. CULTO DELLE SPECIE. ISTITUZIONE DEI SACRAMENTI. PIANO DI DIO PER LA SALVEZZA DELL'UOMO IN EFESINI. MARIA MEDIATRICE DI TUTTE LE GRAZIE. DANNAZIONE DI GIUDA E CAINO.
650 _aECCLESIOLOGIA
942 _cCR
957 _71
999 _a49072
_bSI
_g1
_c323562
_d323562